000 00917nam a2200241 a 4500
001 000006562
003 DO-SdBNP
005 20250523102601.0
008 090901s1971 dr 001 0 spa d
040 _aDO-SdBNP
_bspa
_cBNPHU
_erda
082 _a170
_bA948p
100 1 _aAvelino, Andrés,
_d1900-1974
_931875
245 1 4 _aLos problemas antinómicos de la esencia de lo ético :
_b(Filosofía de lo ético) /
_cAndrés Avelino.
260 _aSanto Domingo :
_bUniversidad Autónoma de Santo Domingo,
_c1971.
300 _a191 p. ;
_c22 cm.
490 0 _aPublicaciones de la Universidad Autónoma de Santo Domingo :
_v153
490 0 _aObras completas de Andrés Avelino ;
_v2
650 0 _aÉtica
_9509
650 0 _aValores (Filosofía)
_9604
830 0 _aPublicaciones de la Universidad Autónoma de Santo Domingo ;
_n153
_918216
830 0 _aObras completas de Andrés Avelino ;
_n2
_918217
942 _2ddc
_cLBS1
999 _c6353
_d6353